000 01818nam a2200337 a 4500
001 000015045
003 DO-SdBNP
005 20260421091200.0
008 100129s2003 dr 000 0 spa d
020 _a9993489415
040 _aDO-SdBNP
_bspa
_cBNPHU
082 4 _a324.7
_bR173m
_222
100 1 _aRamírez Morillo, Belarminio,
_d1964-
_92520
245 1 3 _aLa magia para ganar elecciones /
_cBelarminio Ramírez Morillo.
260 _aSanto Domingo :
_bFESJE,
_c2003.
300 _a330 p. ;
_c22 cm.
500 _aIncluye referencias bibliográficas y notas al pie de las páginas
500 _aIncluye datos biográficos del autor en las solapas
504 _aBibliografía: p. 323-330
505 0 _aIntroducción --
_tLa comunicación desde el ámbito político --
_tImagen política y opinión publica --
_tEl mensaje publicitario y las técnicas de convencimiento --
_tEl programa político y electoral --
_tEl debate electoral --
_tLa mentira en la propaganda y la publicidad política --
_tLa comunicación al servicio de la política --
_tLa comunicación política en la compaña electoral de 1996 --
_tEstrategias de comunicación política en la campaña electoral del año 2000 --
_tLas elecciones del 2002: campañas políticas e irregularidades electorales --
_tEstadísticas electorales.
590 _aInventariado, 2019/MFF
650 0 _aCampaña electoral
_946157
650 0 _aTácticas políticas
_919756
650 4 _aPublicidad política
_96359
650 4 _aPropaganda electoral
_918708
650 4 _aElecciones
_zRepública Dominicana
_92992
650 4 _aPolítica y medios de comunicación de masas
_918709
710 2 _aFundación de Estudios Sociopolíticos, Jurídicos y Económicos (República Dominicana)
_92523
910 _aValidado. Control de calidad MFF
942 _2ddc
_cLBS1
999 _c14618
_d14618